01003cam a2200289 a 4500003000500000005001700005008004100022010001000063011001000073020001500083035001000098040000900108082001400117100003700131245012100168260010000289300001100389410003500400490004800435650003400483650002400517700003300541700002500574700003100599810003500630830004800665CHAP20220817043619.0000207d1995 mx r 00010 spa d a79788 a80760 a9683643516 a91214 cCHAP04a581.6bM300aMartínez Alfaro, Miguel Angel.10aCatálogo de plantas útiles de la sierra norte de Puebla, Méxicoc/por Miguel Angel Martínez Alfaro [y otros] aMéxico, D. F. :bUniversidad Nacional Autónoma de México. Instituto de Biología,c1995. a303 p. aUNAM.bInstituto de Biología 0aCuadernos del Instituto de Biologíav; 2714aBotánica economicaxPuebla.14aBotánicaxPuebla.0 aEvangelista Oliva, Virginia.0 aMendoza Cruz, Myrna.0 aMorales García, Gustavo. aUNAM.bInstituto de Biología0 aCuadernos del Instituto de Biologíav; 27